| 000 | 00388nam a2200145Ia 4500 | ||
|---|---|---|---|
| 008 | 230312s9999||||xx |||||||||||||| ||und|| | ||
| 082 |
_a658.314 _bPFE-C |
||
| 100 | _aPfeffer;Jeffrey | ||
| 245 | 0 | _aCompetitive Advantage Through People | |
| 260 |
_bHarvard Business School Press _aBoston _c1994 |
||
| 300 | _a281 | ||
| 546 | _aEng. | ||
| 650 |
_aManagement _vLabor Laws Lawyers |
||
| 942 | _cBK | ||
| 999 |
_c584 _d584 |
||